000 006250000a22002170004500
001 12828
010 _a972-20-1597-4
090 _a12828
100 _a20040909d1999 m y0pory5003 ba
101 0 _apor
102 _aPT
200 1 _aNovos contos da montanha
_fMiguel Torga
205 _a16ª. ed
210 _aLisboa
_cD.Quixote
_d1999
215 _a226, [1] p
225 2 _aBiblioteca de bolso
_iLiteratura
_v2
305 _a1ª. ed de bolso.
675 _a821.134.3-34"19"
_vBN
_zpor
700 1 _aTorga
_bMiguel
_cpseud.
942 _cMON
_n0
999 _a12828
_bBibliobase - BMTAV
_c2019-01-21